000 nam a22 a 4500
999 _c2205
_d2205
005 20170515154023.0
008 170515s1984 xxu ||b 001 ||eng d
020 _a0534044646
040 _aAKMAL
082 _a370.15 LEF
090 _a370.15
_bLEF
100 1 _a Lefrançois, Guy R.
_94639
245 0 0 _aPsychology for teaching
_cGUY R. LEFRANCOIS
260 _a Belmont, Calif.
_b Wadsworth Pub. Co.,
_c 1985
300 _ccm
942 _2ddc
_cBOOK